Асамтой (Запис номер 156335)
[ съкратено ]
| 000 -Лидер | |
|---|---|
| Контролно поле с фиксирана дължина | 01399nam a2200373 a 4500 |
| 003 - Код на организацията, давaща контролен номер | |
| Контролно поле | BLK |
| 005 - Дата и час на последна редакция | |
| Контролно поле | 20241123111522.0 |
| 008 - Елементи от данни с фиксирана дължина | |
| fixed length control field | 180410b bul|||||r ||||||| ||bul|| |
| 010 ## - Наследен системен номер | |
| LC control number | KNG00163170000 |
| 020 ## - Международен стандартен номер на книга ISBN | |
| Международен стандартен номер на книга ISBN | 978-954-491-899-6 |
| 040 ## - Източник на каталожния запис | |
| Идентификатор на билиотеката - собственик на записа | BLK |
| 041 ## - Код за език | |
| Код за езика на текст/звукозапис или на отделно заглавие | Български |
| Код за езика КДБФ | Български |
| 072 #7 - Код за тематичната категория | |
| Код организация | bullib |
| Код за тематична категория | Н83 |
| Текст | Чужда художествена литература Н |
| 080 ## - УДК | |
| Текстов определител УДК | Еврейска литература на иврит. Вж и 830-088 |
| УДК код - определител по УДК | 821.411.16 |
| УДК определител | -32 |
| УДК - код + определител | 821.411.16-32 |
| 100 1# - Редна дума - Автор | |
| Автор | Керет, Етгар |
| Авторска отговорност | първи автор |
| R(LIN) | 78349 |
| 139 ## - Редно поле | |
| Редна дума | Керет, Етгар |
| Авторски знак | Кер - К 52 |
| 245 10 - Сведения за заглавието | |
| Заглавие | Асамтой |
| Редно поле (дума) | Етгар Керет; прев. от англ. Милена Варзоновцева. |
| 257 ## - Страна на издаване | |
| Страна на създаване/издаване | Израел |
| 260 ## - Област на издателските данни | |
| Име на издателя, разпространителя и проч. | Жанет 45 |
| Година на издаване | 2013 |
| Място на издаване, разпространение и проч. | Пловдив |
| 300 ## - Физическа характеристика | |
| Страници | 156 с. |
| Размери/Мащаб | 22 см |
| 380 ## - Жанр | |
| Жанр | Худож. лит. |
| 490 1# - СЕРИИ (Колекции) | |
| Име на серия | Кратки разкази завинаги |
| 500 ## - Общи забележки | |
| Забележка | Кратки разкази завинаги = ISSN C633-4563. - Ориг. загл.: The nimrod flipout / Etgar Keret. |
| 659 ## - Тематичен бюлетин | |
| Тематичен бюлетин | Н |
| 700 1# - Други автори (авторска отговорност) | |
| Лично име | Варзоновцева, Милена |
| Автороска отговорност (Описва отношението между автора и произведението) | прев. от англ. |
| 9 (RLIN) | 45558 |
| 852 ## - Местоположение | |
| Форматна сигнатура | Цб 269875 |
| 856 4# - Електронен адрес и достъп | |
| Електронен формат | pdf - файл |
| 856 4# - Електронен адрес и достъп | |
| Електронен формат | pdf - файл |
| 999 ## - СИСТЕМНИ КОНТРОЛНИ НОМЕРА | |
| Koha biblionumber | 156335 |
| Koha biblioitemnumber | 156335 |
| 942 ## - АРТИКУЛИ | |
| Вид на библиотечния материал | Книги |
| Скрит в OPAC | Не |
| Koha issues (borrowed), all copies | 8 |
| 944 ## - СЪЗДАВАНЕ И РЕДАКЦИЯ на ЗАПИСА | |
| Създаване/Редакция | Създаване |
| Дата на регистрацията/редакция | 17.07.2014 |
| Служител, извършил регистрацията/редакцията | 30570 |
| Статус, дата на статуса | Моника Янева |
| 944 ## - СЪЗДАВАНЕ И РЕДАКЦИЯ на ЗАПИСА | |
| Създаване/Редакция | Редакция |
| Дата на регистрацията/редакция | 11.03.2015 |
| Служител, извършил регистрацията/редакцията | Грета_Цуфелде |
| 999 ## - СИСТЕМНИ КОНТРОЛНИ НОМЕРА | |
| Koha biblioitemnumber | 156335 |
| 999 ## - СИСТЕМНИ КОНТРОЛНИ НОМЕРА | |
| Koha biblioitemnumber | 156335 |
| Код за отписване | Код за изгубен артикул | Код за повреда | Коз за рестрикции | Код за отдаване | Артикулен № | Име на библиотеката - собственик | Име на библиотеката, в която се намира в момента | Статус (Текущо местоположение) | Дата на вписване в системата | Местоположение - отдел | Цена в лева | Инвентарен номер | Систематично азбучна сигнатура | Баркод | Номер на екземпляра | Цена в евро | Служебна бележка | Служебен тип на артикула | Източник на класификационната схема |
|---|---|---|---|---|---|---|---|---|---|---|---|---|---|---|---|---|---|---|---|
| Не е изгубен | Не е повреден | без рестрикции | ползва се в читалня | 262032 | Регионална библиотека "Любен Каравелов" Русе | Регионална библиотека "Любен Каравелов" Русе | Хранилище | 2014-07-18 | Хранилище | 12.00 | 120000779259 | Цб 269875 | 120000779259 | 1 | 6.14 | Дост: Dp Вид: Д N: 40 Дата: 16.09.2013 | Книги | ||
| Не е изгубен | Не е повреден | без рестрикции | заемане за дома | 677406 | Регионална библиотека "Любен Каравелов" Русе | Регионална библиотека "Любен Каравелов" Русе | Заемна - подръчен фонд | 2018-06-15 | Заемна - подръчен фонд | 12.00 | 120000821199 | П 89/К 52 | 120000821199 | 6.14 | Книги | Universal Decimal Classification |